La vida es sueño : (Registro nro. 26034)

Detalles MARC
000 -CABECERA
Longitud fija campo de control 00571nam a2200193 a 4500
003 - • IDENTIFICADOR DELl NÚMERO DE CONTROL
Identificador del número de control CO-ViMGA
008 - • CÓDIGOS DE INFORMACIÓN DE LONGITUD FIJA
Códigos de información de longitud fija 141112s2004 ck r 000 u spa d
020 ## - • NÚMERO INTERNACIONAL NORMALIZADO PARA LIBROS
Número Internacional Normalizado para Libros (ISBN) 8476729634
040 ## - FUENTE DE LA CATALOGACIÓN
Centro catalogador de origen CO-ViMGA
Lengua de catalogación spa
Centro transcriptor CO-ViMGA
082 04 - • NÚMERO DE LA CLASIFICACIÓN DECIMAL DEWEY
Número de clasificación (R) 862.35 C153v
100 1# - • PUNTO DE ACCESO PRINCIPAL-NOMBRE DE PERSONA
Nombre de persona Calderón de la Barca, Pedro
245 10 - • TITULO PROPIAMENTE DICHO
Título La vida es sueño :
Resto del título (Drama y auto sacramental)
300 ## - • DESCRIPCIÓN FÍSICA
Extensión 223.p.
590 ## - NOTAS LOCALES
Nota local Forma de adquisición : Premio - Mincultura
650 14 - • PUNTO DE ACCESO ADICIONAL DE MATERIA - TÉRMINO DE MATERIA
Término de materia o nombre geográfico como elemento inicial TEATRO ESPAÑOL
942 ## - ENTRADA DE ELEMENTOS AGREGADOS (KOHA)
Fuente de clasificaión o esquema Dewey Decimal Classification
Koha [por defecto] tipo de item LIbro
Existencias
Perdido Fuente de clasificación o esquema Estado Físico No para préstamo Forma de adquisición Localización permanente Localización actual Fecha adquisición Serie de enumeración / cronolog&íacute;a Préstamos totales Signatura completa Código de barras Fecha última consulta Fecha último préstamo Número de copia Fecha del precio de reemplazo Tipo de item de Koha Localización en estanterías Fuente de adquisición
  Dewey Decimal Classification     Sala General Segundo Piso Biblioteca Pública Germán Arciniegas - Villavicencio Biblioteca Pública Germán Arciniegas - Villavicencio 12/04/2015 Volumen. 1 | 11/jun/2009 1 862.35 C153v 16109 06/08/2016 06/02/2016 Ej. 1 12/04/2015 LIbro    
  Dewey Decimal Classification     Literatura General Biblioteca Pública Granada - Boca del Monte Biblioteca Pública Granada - Boca del Monte 03/10/2026     P-CAL GRDA02208 03/10/2026   Ej.1 03/10/2026 LIbro Literatura BIBLIOTECA NACIONAL









Instituto Departamental de Cultura del Meta - Red Departamental de Bibliotecas Públicas del Meta.